Azheekodinte Kayyoppu/ (Record no. 137847)

000 -LEADER
fixed length control field 00553nam a22001937a 4500
020 ## - INTERNATIONAL STANDARD BOOK NUMBER
ISBN 9788176901833
082 ## - DEWEY DECIMAL CLASSIFICATION NUMBER
Classification number M 808.027
Item number SUK/A
100 ## - MAIN ENTRY--AUTHOR NAME
Personal name Sukumar Azheekode
245 ## - TITLE STATEMENT
Title Azheekodinte Kayyoppu/
Statement of responsibility, etc by Sukumar Azheekode
260 ## - PUBLICATION, DISTRIBUTION, ETC. (IMPRINT)
Place of publication Thrissur:
Name of publisher Kerala Sahitya Academi,
Year of publication 2011.
300 ## - PHYSICAL DESCRIPTION
Number of Pages 490p.
650 ## - SUBJECT ADDED ENTRY--TOPICAL TERM
Topical Term Introduction Literature
650 ## - SUBJECT ADDED ENTRY--TOPICAL TERM
Topical Term Editorial Techniques Literature
650 ## - SUBJECT ADDED ENTRY--TOPICAL TERM
Topical Term Sukumar Azheekode Malayalam Literature
650 ## - SUBJECT ADDED ENTRY--TOPICAL TERM
Topical Term Literature Malayalam
650 ## - SUBJECT ADDED ENTRY--TOPICAL TERM
Topical Term Literature
700 ## - ADDED ENTRY--PERSONAL NAME
Personal name Haridas M (ed.)
942 ## - ADDED ENTRY ELEMENTS (KOHA)
Koha item type Book
Holdings
Withdrawn status Lost status Damaged status Not for loan Permanent Location Current Location Shelving location Date acquired Cost, normal purchase price Full call number Accession Number Price effective from Koha item type
        Sree Sankaracharya University of Sanskrit Sree Sankaracharya University of Sanskrit Stacks 30.06.2018 330.00 M 808.027 SUK/A 090841 30.06.2018 Book
        Sree Sankaracharya University of Sanskrit Sree Sankaracharya University of Sanskrit Stacks 04.11.2020 330.00 M 808.027 SUK/A 100844 04.11.2020 Book